Comparative analysis of the use of venture capital in central and eastern Europe

Analýza využívania a najviac využívané formy rizikového kapitálu v krajinách strednej a východnej Európy (SVE). Rozdiely, podobnosť a typy jednotlivých foriem investovania v objeme využívania rizikového kapitálu v SVE a v ostatných európskych krajinách.

Na minha lista:
Detalhes bibliográficos
Autor principal: Kalusová, Lenka, 1987-
Outros Autores: Badura, Peter, 1978-
Formato: Capítulo de Livro
Idioma:eslovaco
Assuntos:
Tags: Adicionar Tag
Sem tags, seja o primeiro a adicionar uma tag!

MARC

LEADER 00000nla a2200000 4500
001 0220939
005 20240502073629.4
041 0 |a slo 
044 |a SK 
245 1 0 |a Comparative analysis of the use of venture capital in central and eastern Europe  |c Lenka Kalusová, Peter Badura 
520 |a Analýza využívania a najviac využívané formy rizikového kapitálu v krajinách strednej a východnej Európy (SVE). Rozdiely, podobnosť a typy jednotlivých foriem investovania v objeme využívania rizikového kapitálu v SVE a v ostatných európskych krajinách. 
610 2 0 |a kapitál rizikový 
610 2 0 |a investície kapitálové 
610 2 0 |a kapitál zahraničný 
610 2 0 |a politika investičná 
610 2 0 |a východná Európa 
610 2 0 |a stredná Európa 
100 1 |a Kalusová, Lenka, 1987- 
700 1 |a Badura, Peter, 1978-